[Event "VIE-ch U13 Girls"]
[Site "Ho Chi Minh City"]
[Date "2022.07.14"]
[Round "6"]
[White "Pham, Quynh Anh"]
[Black "Le, Dang Bao Ngoc"]
[Result "1/2-1/2"]
[WhiteElo "2135"]
[BlackElo "2141"]
[PlyCount "116"]
[EventDate "2022.07.11"]
[EventType "swiss"]
[EventRounds "9"]
[EventCountry "VIE"]
[SourceTitle "EXT 2023"]
[Source "ChessBase"]
[SourceDate "2022.10.05"]
[SourceVersion "1"]
[SourceVersionDate "2022.10.05"]
[SourceQuality "1"]

1. e4 e6 2. d4 d5 3. Nd2 dxe4 4. Nxe4 Nd7 5. Nf3 Ngf6 6. Bd3 b6 7. 0-0 Be7 8. Nxf6+ Nxf6 9. Bb5+ Bd7 10. Bxd7+ Qxd7 11. Ne5 Qd5 12. c4 Qb7 13. Qa4+ Kf8 14. Be3 h6 15. Rac1 g6 16. Nc6 Bd6 17. d5 e5 18. Qb3 Qc8 19. f4 exf4 20. Bxf4 Bxf4 21. Rxf4 Nh5 22. Rf3 Qg4 23. Rcf1 Rh7 24. Qb4+ Kg8 25. Ne7+ Kh8 26. Qc3+ f6 27. h3 Qg5 28. Nc6 Rf7 29. Nd4 Qe5 30. Re3 Qg5 31. Ne6 Qh4 32. Kh2 Ng7 33. Qd3 f5 34. Qc3 Kh7 35. g3 Qh5 36. Qe1 g5 37. Re5 Qg6 38. Qc3 Nh5 39. Qd3 f4 40. Qxg6+ Kxg6 41. gxf4 Nxf4 42. Rd1 Kf6 43. Re4 Kf5 44. Rde1 Kg6 45. b3 a5 46. Rf1 a4 47. Nxf4+ gxf4 48. Rfxf4 axb3 49. axb3 Ra2+ 50. Kg1 Ra1+ 51. Kf2 Ra2+ 52. Ke1 Rh2 53. Rxf7 Kxf7 54. Re3 Kf6 55. Kf1 h5 56. Kg1 Rb2 57. Kf1 Rh2 58. Kg1 Rb2 1/2-1/2

[Event "VIE-ch U13 Girls"]
[Site "Ho Chi Minh City"]
[Date "2022.07.14"]
[Round "5"]
[White "Pham, Quynh Anh"]
[Black "Nguyen, Bao Chau"]
[Result "1-0"]
[WhiteElo "2135"]
[BlackElo "2127"]
[PlyCount "73"]
[EventDate "2022.07.11"]
[EventType "swiss"]
[EventRounds "9"]
[EventCountry "VIE"]
[SourceTitle "EXT 2023"]
[Source "ChessBase"]
[SourceDate "2022.10.05"]
[SourceVersion "1"]
[SourceVersionDate "2022.10.05"]
[SourceQuality "1"]

1. e4 c5 2. Nf3 d6 3. d4 cxd4 4. Nxd4 Nf6 5. Nc3 a6 6. Bg5 e6 7. f4 Be7 8. Qf3 Qc7 9. 0-0-0 Nc6 10. g4 0-0 11. h4 Nxd4 12. Rxd4 e5 13. Rc4 Qd7 14. Bxf6 Bxf6 15. g5 Be7 16. Nd5 Qd8 17. Rc7 Re8 18. f5 Bf8 19. g6 fxg6 20. fxg6 h6 21. Qf7+ Kh8 22. Bh3 Bxh3 23. Rxh3 Rb8 24. Rh1 b5 25. Rf1 Be7 26. Rxe7 Rxe7 27. Qxe7 Qc8 28. Qxd6 Qe8 29. Nc7 Qc8 30. Ne6 Qg8 31. Qxb8 Qxb8 32. Rf8+ Qxf8 33. Nxf8 b4 34. Nd7 a5 35. Nxe5 a4 36. Nd7 a3 37. e5 1-0

[Event "VIE-ch U13 Girls"]
[Site "Ho Chi Minh City"]
[Date "2022.07.12"]
[Round "2"]
[White "Mai, Hieu Linh"]
[Black "Pham, Quynh Anh"]
[Result "1-0"]
[WhiteElo "2144"]
[BlackElo "2135"]
[PlyCount "55"]
[EventDate "2022.07.11"]
[EventType "swiss"]
[EventRounds "9"]
[EventCountry "VIE"]
[SourceTitle "EXT 2023"]
[Source "ChessBase"]
[SourceDate "2022.10.05"]
[SourceVersion "1"]
[SourceVersionDate "2022.10.05"]
[SourceQuality "1"]

1. e4 e5 2. Bc4 Nf6 3. d3 h6 4. Nf3 Nc6 5. c3 Be7 6. 0-0 0-0 7. Nbd2 d6 8. Re1 Na5 9. Bb5 c6 10. Ba4 b5 11. Bc2 Bg4 12. h3 Bh5 13. Nf1 Bg6 14. Ng3 Bh7 15. Be3 Nb7 16. d4 exd4 17. Nxd4 Qd7 18. Ndf5 Rfe8 19. Bd4 a5 20. Qf3 Rad8 21. Nxg7 Bg6 22. Bxf6 Rf8 23. Bxe7 Qxe7 24. N7f5 Bxf5 25. Nxf5 Qf6 26. Qh5 Kh7 27. e5 Qg6 28. Nd4 1-0

[Event "VIE-ch U13 Girls"]
[Site "Ho Chi Minh City"]
[Date "2022.07.12"]
[Round "3"]
[White "Pham, Quynh Anh"]
[Black "Chu, Phan Truc Linh"]
[Result "1-0"]
[WhiteElo "2135"]
[BlackElo "2118"]
[PlyCount "71"]
[EventDate "2022.07.11"]
[EventType "swiss"]
[EventRounds "9"]
[EventCountry "VIE"]
[SourceTitle "EXT 2023"]
[Source "ChessBase"]
[SourceDate "2022.10.05"]
[SourceVersion "1"]
[SourceVersionDate "2022.10.05"]
[SourceQuality "1"]

1. e4 c5 2. Nf3 d6 3. d4 cxd4 4. Nxd4 Nf6 5. Nc3 a6 6. Bg5 e6 7. f4 Be7 8. Qf3 Nbd7 9. 0-0-0 Qc7 10. g4 b5 11. Bxf6 Nxf6 12. g5 Nd7 13. f5 Bxg5+ 14. Kb1 e5 15. Nd5 Qa7 16. Qh5 Bf6 17. Ne6 Rb8 18. Ng5 g6 19. Qh6 Bxg5 20. Qxg5 Nc5 21. Nf6+ Kf8 22. Rxd6 Bb7 23. Ng4 Ke8 24. Bg2 Ba8 25. Rhd1 Qc7 26. Nf6+ Kf8 27. Qh6+ Ke7 28. Qg5 Kf8 29. Ng4 Ke8 30. Qf6 Rg8 31. Nh6 Nxe4 32. Bxe4 Bxe4 33. Qxe5+ Qe7 34. Qxe7+ Kxe7 35. Nxg8+ Rxg8 36. f6+ 1-0

[Event "VIE-ch U11 Girls"]
[Site "Hanoi"]
[Date "2020.??.??"]
[Round "6"]
[White "Pham, Quynh Anh"]
[Black "Mai, Hieu Linh"]
[Result "1/2-1/2"]
[WhiteElo "2246"]
[BlackElo "1451"]
[PlyCount "101"]
[EventDate "2020.10.22"]
[EventType "tourn"]
[EventRounds "7"]
[EventCountry "VIE"]
[SourceTitle "EXT 2022"]
[Source "ChessBase"]
[SourceDate "2021.10.06"]
[SourceVersion "1"]
[SourceVersionDate "2021.10.06"]
[SourceQuality "1"]

1. e4 e5 2. Nf3 Nc6 3. Bc4 Bc5 4. c3 Nf6 5. d4 exd4 6. e5 d5 7. Bb5 Ne4 8. Bxc6+ bxc6 9. cxd4 Bb6 10. Nbd2 Bg4 11. Qc2 Nxd2 12. Nxd2 Qd7 13. Nb3 0-0 14. 0-0 f6 15. Bf4 fxe5 16. Bxe5 Rae8 17. Rac1 Re6 18. Nc5 Bxc5 19. Qxc5 Rg6 20. Bg3 h5 21. Qxa7 h4 22. Bxh4 Be2 23. Bg3 Bxf1 24. Rxf1 Qg4 25. Qxc7 Qxd4 26. Qe5 Qxe5 27. Bxe5 Re6 28. f4 Rd8 29. Rd1 c5 30. Kf2 d4 31. Kf3 Ra8 32. a3 Rb6 33. Rd2 Rb3+ 34. Ke4 Rd8 35. g3 Re3+ 36. Kf5 d3 37. Bc3 Re2 38. Rd1 Rxh2 39. a4 c4 40. Ke4 Re2+ 41. Kf3 Re6 42. Kg4 Kf7 43. Kf5 g6+ 44. Kg5 Rd5+ 45. Kg4 Ra6 46. a5 Rb5 47. Kf3 Re6 48. Kf2 Re2+ 49. Kf3 Rbxb2 50. Bxb2 Rxb2 51. Ke3 1/2-1/2